[Event "XIV Weekend A"]
[Site "Porto Sant'Elpidio ITA"]
[Date "2011.11.27"]
[Round "6"]
[White "Marsili, Riccardo"]
[Black "Viviani, Alessio"]
[Result "1/2-1/2"]
[WhiteElo "2052"]
[BlackElo "2028"]
[PlyCount "88"]
[EventDate "2011.11.19"]

1. e4 d6 2. d4 g6 3. Nf3 Nf6 4. Nc3 Bg7 5. Bd3 O-O 6. h3 c6 7. Be3 Nbd7 8. Qd2
e5 9. Bh6 exd4 10. Nxd4 Bxh6 11. Qxh6 c5 12. Nf3 d5 13. O-O d4 14. Ne2 Qc7 15.
b3 b5 16. Bxb5 Nxe4 17. Nf4 Ndf6 18. Bc4 Bb7 19. Rfe1 Kh8 20. Ng5 Nxg5 21. Qxg5
Kg7 22. Qe5 Qb6 23. Qe7 Rae8 24. Ne6+ Kh6 25. Qxf6 fxe6 26. Qh4+ Kg7 27. Re5
Qc6 28. Qg3 Rf6 29. Rae1 Re7 30. Bd5 Qb6 31. Bxb7 Rxb7 32. Qg4 Re7 33. h4 c4
34. Qg3 d3 35. cxd3 Ref7 36. dxc4 Rxf2 37. Kh2 R7f6 38. Rxe6 Rxe6 39. Rxe6
Rxg2+ 40. Kxg2 Qxe6 41. Qf3 Qe7 42. Kh3 Qe6+ 43. Kg2 Qe7 44. Kh3 Qe6+ 1/2-1/2

[Event "XIV Weekend A"]
[Site "Porto Sant'Elpidio ITA"]
[Date "2011.11.27"]
[Round "6"]
[White "Mazzarini, Daniele"]
[Black "Pierantozzi, Stanislao"]
[Result "1/2-1/2"]
[WhiteElo "1880"]
[BlackElo "1986"]
[PlyCount "75"]
[EventDate "2011.11.19"]

1. d4 Nf6 2. c4 e6 3. Nf3 b6 4. a3 d5 5. cxd5 exd5 6. e3 Bd6 7. Nc3 a6 8. Bd3
O-O 9. O-O Bb7 10. b4 Re8 11. b5 axb5 12. Nxb5 Bf8 13. Bb2 c6 14. Nc3 Nbd7 15.
Bc2 Ba6 16. Re1 Bc4 17. Nd2 b5 18. Nxc4 dxc4 19. d5 Qb6 20. dxc6 Qxc6 21. Qf3
Qxf3 22. gxf3 Rab8 23. Red1 Nc5 24. Rd4 Nfd7 25. f4 Nf6 26. Kg2 Ne6 27. Rd2
Red8 28. Rad1 Rxd2 29. Rxd2 Be7 30. Nd5 Nxd5 31. Rxd5 g6 32. f5 gxf5 33. Rxf5
f6 34. Rh5 Nf8 35. Rd5 Kf7 36. Rh5 Kg7 37. Kf3 Ng6 38. Rd5 1/2-1/2

[Event "XIV Weekend A"]
[Site "Porto Sant'Elpidio ITA"]
[Date "2011.11.27"]
[Round "6"]
[White "Mircoli, Filippo"]
[Black "Medorini, Massimiliano"]
[Result "1/2-1/2"]
[WhiteElo "1735"]
[BlackElo "1892"]
[PlyCount "54"]
[EventDate "2011.11.19"]

1. e4 e5 2. Nf3 Nc6 3. Bb5 a6 4. Ba4 Nf6 5. O-O b5 6. Bb3 Bc5 7. c3 d6 8. d4
Bb6 9. Bg5 Bg4 10. Qd3 exd4 11. cxd4 Bxf3 12. gxf3 Nxd4 13. Nc3 Ne6 14. Bxf6
Qxf6 15. Nd5 Qd4 16. Rad1 O-O 17. Qxd4 Bxd4 18. Nxc7 Bxf2+ 19. Kxf2 Nxc7 20.
Rxd6 a5 21. a3 b4 22. Rc1 bxa3 23. bxa3 Nb5 24. Rd7 a4 25. Bd5 Rab8 26. Rc4
Nxa3 27. Rxa4 Rb2+ 1/2-1/2

[Event "XIV Weekend A"]
[Site "Porto Sant'Elpidio ITA"]
[Date "2011.11.27"]
[Round "6"]
[White "Rinaudo, Andrea"]
[Black "Borgiani, Flavio"]
[Result "0-1"]
[WhiteElo "2097"]
[BlackElo "2162"]
[PlyCount "70"]
[EventDate "2011.11.19"]

1. e4 e6 2. d4 c5 3. Nf3 cxd4 4. Nxd4 a6 5. Bd3 Nf6 6. O-O Qc7 7. c4 b6 8. Nc3
Bb7 9. a3 d6 10. Be3 Nbd7 11. f3 Be7 12. Rc1 O-O 13. Qe2 Rae8 14. Rfd1 Qb8 15.
b4 d5 16. cxd5 exd5 17. Bxa6 dxe4 18. fxe4 Bxa6 19. Qxa6 Ng4 20. Nf3 Bd6 21.
Bf2 Bxh2+ 22. Kf1 Nxf2 23. Kxf2 Nf6 24. Nxh2 Qxh2 25. Qd3 Ng4+ 26. Ke1 Qxg2 27.
Qe2 Qg3+ 28. Kd2 Qf4+ 29. Kc2 Ne3+ 30. Kb3 Nxd1 31. Rxd1 Qe5 32. Rd5 Qe6 33.
Kb2 f5 34. Qd1 fxe4 35. Rd6 Rf2+ 0-1